| 000 -LEADER |
| fixed length control field |
02435 a2200217 4500 |
| 003 - CONTROL NUMBER IDENTIFIER |
| control field |
NUST |
| 005 - DATE AND TIME OF LATEST TRANSACTION |
| control field |
20230530130618.0 |
| 010 ## - LIBRARY OF CONGRESS CONTROL NUMBER |
| LC control number |
2009939912 |
| 035 ## - SYSTEM CONTROL NUMBER |
| System control number |
(OCoLC)ocn436028400 |
| 040 ## - CATALOGING SOURCE |
| Transcribing agency |
Nust |
| 082 04 - DEWEY DECIMAL CLASSIFICATION NUMBER |
| Classification number |
005.133,JOH |
| 100 1# - MAIN ENTRY--PERSONAL NAME |
| Personal name |
Sharp, John, |
| 9 (RLIN) |
97225 |
| 245 10 - TITLE STATEMENT |
| Title |
Microsoft Visual C# 2010 step by step / |
| Statement of responsibility, etc. |
John Sharp. |
| 246 30 - VARYING FORM OF TITLE |
| Title proper/short title |
Visual C# 2010 step by step |
| 260 ## - PUBLICATION, DISTRIBUTION, ETC. |
| Place of publication, distribution, etc. |
Redmond, Wash. : |
| Name of publisher, distributor, etc. |
Microsoft Press ; |
| Place of publication, distribution, etc. |
Birmingham : |
| Name of publisher, distributor, etc. |
Computer Bookshops [distributor], |
| Date of publication, distribution, etc. |
c2010. |
| 300 ## - PHYSICAL DESCRIPTION |
| Extent |
xxx, 748 p. : |
| Other physical details |
ill. ; |
| Dimensions |
23 cm. + |
| Accompanying material |
1 CD-ROM (4 3/4 in.) |
| 505 0# - FORMATTED CONTENTS NOTE |
| Formatted contents note |
Pt.1. Introducing Microsoft Visual C# and Microsoft Visual Studio 2010. Welcome to C# (Page-3), Working with variables, operators, and expressions (Page-27) , Writing methods and applying scope (Page-47), Using decision statements (Page-73), Using compound assignment and iteration statements (Page-91), Managing errors and exceptions (Page-109), Pt. 2. Understanding the C# language. Creating and managing classes and objects (Page-129), Understanding values and references(Page-151), Creating value types with enumerations and structures (Page-173), Using arrays and collections (Page-191), Understanding parameter arrays (Page-219), Working with inheritance (Page-231), Creating interfaces and defining abstract classes (Page-253), Using garbage collection and resource management (Page-279, Pt. 3. Creating compounds. Implementing properties to access fields (Page-295), Using indexers (Page-315), Interrupting program flow and handling events(Page-329), Introducing generics (Page-253), Enumerating collections (Page-381), Querying in-memory data by using query expressions (Page-395), Operator overloading (Page-419), Pt. 4. Building Windows presentation foundation applications. Introducing Windows presentation foundation (Page-443), Gathering user input (Page-477), Performing validation (Page-509), Pt. 5. Managing data. Querying information in a database (Page-535), Displaying and editing data by using the entity framework and data binding (Page-565), Pt. 6. Building professional solutions with Visual Studio 2010. Introducing the task parallel library (Page-599), Performing parallel data access (Page-649), Creating and using a web service (Page-683), Appendix: Inter operating with dynamic languages (Page-717). |
| 650 #0 - SUBJECT ADDED ENTRY--TOPICAL TERM |
| Topical term or geographic name entry element |
C# (Computer program language) |
| 650 #0 - SUBJECT ADDED ENTRY--TOPICAL TERM |
| Topical term or geographic name entry element |
Visual programming (Computer science) |
| 9 (RLIN) |
36950 |
| 942 ## - ADDED ENTRY ELEMENTS (KOHA) |
| Koha item type |
Book |
| Source of classification or shelving scheme |
|
| Call number prefix |
005.133,JOH |